Fictional Kingdoms in Film, TV, Literature and Games - Statistics

General Stats
  • This quiz has been taken 404 times
    48 since last reset
  • The average score is 9 of 16
Answer Stats
Kingdom Work of Fiction % Correct
Wonderland Alice's Adventures in Wonderland
95%
Land of Oz The Wonderful Wizard of Oz
95%
Gondor The Lord of the Rings
89%
Wakanda Black Panther
82%
Mushroom Kingdom Mario
82%
Narnia The Chronicles of Narnia
77%
Lilliput Gulliver's Travels
70%
Arendelle Frozen
64%
Dorne A Song of Ice and Fire
57%
Hyrule The Legend of Zelda
50%
Duloc Shrek
39%
Genovia The {Princess} {Diaries}
39%
Florin The {Princess} {Bride}
36%
Maldonia The {Princess} and the {Frog}
32%
Syldavia, Khemed The Adventures of {Tintin}
20%
Corona Tangled
18%
No matching quizzes found
Score Distribution
Percent of People with Each Score
Percentile by Number Answered
Your Score History
You have not taken this quiz since the last reset